مكتبة جامعة عجلون الوطنية

فهرس بحث المكتبة

Normal view MARC view
  • Computer Games

Entry Topical Term

Number of records used in: 1

001 - CONTROL NUMBER

  • control field: 6562

003 - CONTROL NUMBER IDENTIFIER

  • control field: JO-AjAnu

005 - DATE AND TIME OF LATEST TRANSACTION

  • control field: 20230606071349.0

008 - FIXED-LENGTH DATA ELEMENTS

  • fixed length control field: 230606|| aca||aabn | a|a d

040 ## - CATALOGING SOURCE

  • Original cataloging agency: JO-AjAnu
  • Transcribing agency: JO-AjAnu

150 ## - HEADING--TOPICAL TERM

  • Topical term or geographic name entry element: Computer Games

670 ## - SOURCE DATA FOUND

  • Source citation: Work cat.: (JO-AjAnu)3401: Ferrone , Harrison , author 6561, Learning C# by Developing Games With Unity 2021: Kickstart your C# Programming and Unity jiurney by building 3D games from scratch